Normal view
MARC view
- Makhdoom Syed Muhammad Baqir Shah
Entry Personal Name
001 - CONTROL NUMBER
- control field: 6877
003 - CONTROL NUMBER IDENTIFIER
- control field: NUST
005 - DATE AND TIME OF LATEST TRANSACTION
- control field: 20171203185743.0
008 - FIXED-LENGTH DATA ELEMENTS
- fixed length control field: 171203|| aca||aabn | a|a d
040 ## - CATALOGING SOURCE
- Original cataloging agency: NUST
- Transcribing agency: NUST
100 ## - HEADING--PERSONAL NAME
- Personal name: Makhdoom Syed Muhammad Baqir Shah
670 ## - SOURCE DATA FOUND
- Source citation: Work cat.: (NUST): Makhdoom Syed Muhammad Baqir Shah, Protecting digital evidence and preserving chain of custody, 2017
